000
00312nam a22001337a 4500
003
SGT
082
_a
070
_b
S97N
100
_a
NARAYAN, JAYPRAKASH
245
_a
SAMPURN KRANTI KI KHOJ ME MERI VICHAR YATRA
260
_b
SARV SEWA SANGH PRAKASHAN
_c
1997
300
_a
140
650
_a
JOURNALISM
942
_2
ddc
_c
BK
999
_c
28444
_d
28444